| 000 | 01392cam a2200385Mi 4500 | ||
|---|---|---|---|
| 001 | 55996 | ||
| 005 | 20230410124133.0 | ||
| 008 | 990930s1999 sp oa 000 0 spa d | ||
| 035 | _a(OCoLC)ocm42473943 | ||
| 040 |
_aI5B _bspa _cI5B _dPL# _dOCLCQ |
||
| 020 | _a8400078071 | ||
| 020 | _a9788400078072 | ||
| 029 | 0 |
_aI5B _b95027 |
|
| 035 | _a(OCoLC)42473943 | ||
| 045 | _ad9n0 | ||
| 050 | 1 | 4 |
_aNA 5811 _bM425b 1999 |
| 049 | _aGRAL | ||
| 100 | 1 | _aMateos Cruz, Pedro. | |
| 245 | 1 | 3 |
_aLa Basílica de Santa Eulalia de Mérida. Arqueología y urbanismo / _cPedro Mateos Cruz. |
| 260 |
_aMadrid : _bConsejo Superior de Investigaciones Científicas - CSIC, _c1999. |
||
| 300 |
_a249 p. : _bFotografias, Il. ; _c28 cm. |
||
| 440 | 0 |
_aAnejos de Archivo Español de Arqueología ; _v19 |
|
| 500 | _aRustica. | ||
| 610 | 2 | 0 | _aBasílica de Santa Eulalia (Mérida, Spain) |
| 650 | 0 |
_aExcavations (Archaeology) _zSpain _zMérida. |
|
| 651 | 0 |
_aMérida (Spain) _xBuildings, structures, etc. |
|
| 653 | _aIglesia de Santa Eulalia de Merida (España). | ||
| 653 |
_aArqueologia _aMerida (Extremadura, España) |
||
| 938 |
_aIberbook International S.L. _bIBER _n95027 _cP5000 |
||
| 938 |
_aPuvill Libros _bPUVL _n8400078071 _c$22.99 |
||
| 856 | 4 | 2 |
_3Más?... busque en WorldCat (solo desde FUNGLODE) _uwww.firstsearch.oclc.org/fsip |
| 942 |
_2lcc _cbk |
||
| 946 | _amfcruz | ||
| 994 |
_aC0 _bDRFGD |
||
| 999 |
_c71746 _d71746 |
||